Энциклопедия рынка. Т. 2: Биржи. Финансовая отчетность (Запись № 7891139)

Подробности
000 -МАРКЕР
контрольное поле 01779nam2a22002651 4500
001 - ИДЕНТИФИКАТОР ЗАПИСИ
контрольное поле rc\213179
005 - ИДЕНТИФИКАТОР ВЕРСИИ
контрольное поле 20030307114353.0
010 ## - МЕЖДУНАРОДНЫЙ СТАНДАРТНЫЙ НОМЕР КНИГИ (ISBN)
Номер (ISBN) 5-7164-0049-3
Тираж 200
035 ## - ДРУГИЕ СИСТЕМНЫЕ НОМЕРА
Идентификатор записи (NLR Aleph) 008765425
100 ## - ДАННЫЕ ОБЩЕЙ ОБРАБОТКИ
Данные общей обработки 20030307d1995 u |0rusy50 ca
101 0# - ЯЗЫК РЕСУРСА
Язык текста, звукозаписи и т.д. русский
102 ## - СТРАНА ПУБЛИКАЦИИ ИЛИ ПРОИЗВОДСТВА
Страна публикации Российская Федерация
105 ## - ПОЛЕ КОДИРОВАННЫХ ДАННЫХ: ТЕКСТОВЫЕ МАТЕРИАЛЫ, МОНОГРАФИЧЕСКИЕ
Кодированные данные о монографическом текстовом документе y |||||||||
200 1# - ЗАГЛАВИЕ И СВЕДЕНИЯ ОБ ОТВЕТСТВЕННОСТИ
Основное заглавие Биржи. Финансовая отчетность
Параллельное заглавие Markt enzyclopedie
Сведения, относящиеся к заглавию Термины - эквиваленты - дефиниции - регистры
-- 2572 термина на рус. яз., 14700 эквивалентов на 4 яз. - англ., итал., нем., фр.
Первые сведения об ответственности [Разраб. М.Ю. Алексеев и др.]
210 ## - ПУБЛИКАЦИЯ, РАСПРОСТРАНЕНИЕ И ДР.
Дата издания, распространения и т.д. 1995
215 ## - ФИЗИЧЕСКАЯ ХАРАКТЕРИСТИКА
Специфическое обозначение материала и объем 683 с.
461 #0 - УРОВЕНЬ НАБОРА
Встроенное поле 001rc\213177
-- 2001#$aЭнциклопедия рынка$eМноготом. пятиязыч. словарь-справочник$eТермины, эквиваленты, дефиниции$e2330 терминов на рус. яз., 10000 эквивалентов на 4-х яз. - англ., итал., нем., фр.$fРос. о-во содействия бизнесу$gРедкол.: Б.Г. Дякин и др.$vТ. 2
Системный номер (АБИС) связанной записи 7925264
Место публикации М.
Дата публикации 1994-
Первые сведения об ответственности Рос. о-во содействия бизнесу
Имя издателя, распространителя и т.д. РОСБИ
Сведения, относящиеся к заглавию Многотом. пятиязыч. словарь-справочник : Термины, эквиваленты, дефиниции : 2330 терминов на рус. яз., 10000 эквивалентов на 4-х яз. - англ., итал., нем., фр.
Заглавие Энциклопедия рынка
Номер тома Т. 2
510 0# - ПАРАЛЛЕЛЬНОЕ ЗАГЛАВИЕ
Параллельное заглавие Markt enzyclopedie
702 #1 - ИМЯ ЛИЦА - ВТОРИЧНАЯ ОТВЕТСТВЕННОСТЬ
Начальный элемент ввода Алексеев
Часть имени, кроме начального элемента ввода М. Ю.
Расширение инициалов личного имени Михаил Юрьевич
Код отношения Прочие
801 #0 - ИСТОЧНИК ЗАПИСИ
Страна Российская Федерация
Организация NLR
Правила каталогизации psbo
801 #1 - ИСТОЧНИК ЗАПИСИ
Страна Российская Федерация
Организация ELAR
Источник данных rusmarc
852 ## - МЕСТОНАХОЖДЕНИЕ И ШИФР ХРАНЕНИЯ
Идентификатор организации NLR
Наименование фонда или коллекции (Sub-Location Identifier) С
Шифр хранения (Call Number) К-4/614
942 ## - ДОПОЛНИТЕЛЬНЫЕ ЭЛЕМЕНТЫ ЗАПИСИ (АБИС)
Тип экземпляра АБИС Книга
980 ## - КОЛЛЕКЦИЯ
Название коллекции Национальная библиография
Экземпляры
Тип экземпляра Дата поступления Библиотека постоянного хранения Библиотека текущего хранения Место хранения Шифр хранения Штрих-код Статус экземпляра
Книга 26.10.2013 РНБ (Московский) РНБ (Московский) Центральная справочная библиотека С К-4/614 1-2089106